Histoire littéraire du XVIIe siècle (notice n° 1567170)
[ vue normale ]
| 000 -LEADER | |
|---|---|
| fixed length control field | 01304cam a2200133 4500500 |
| 005 - DATE AND TIME OF LATEST TRANSACTION | |
| control field | 20251214002558.0 |
| 041 ## - LANGUAGE CODE | |
| Language code of text/sound track or separate title | fre |
| 042 ## - AUTHENTICATION CODE | |
| Authentication code | dc |
| 100 10 - MAIN ENTRY--PERSONAL NAME | |
| Personal name | Reguig, Delphine |
| Relator term | author |
| 245 00 - TITLE STATEMENT | |
| Title | Histoire littéraire du XVIIe siècle |
| 260 ## - PUBLICATION, DISTRIBUTION, ETC. | |
| Name of publisher, distributor, etc. | Armand Colin,<br/> |
| Date of publication, distribution, etc. | 2017.<br/> |
| 520 ## - SUMMARY, ETC. | |
| Summary, etc. | Période foisonnante, le XVIIe siècle littéraire voit progressivement émerger un ensemble d’œuvres qui va recouvrir ce que nous appelons aujourd’hui « littérature ». Cette émergence entraîne avec elle l’apparition d’un public qui prend conscience de lui-même, s’exerce à la critique et revendique un espace où le débat échappe à l’emprise politique. Né de l’effroi des guerres de religion et de la nécessité de faire dialoguer les hommes entre eux, le XVIIe siècle rend successivement visibles la langue française, qui supplante le latin ; le style, qui déborde la rhétorique ; l’écrivain, qui remplace l’autorité. L’auteur renouvelle ici les représentations du « Grand Siècle » en se replaçant dans les pratiques culturelles de l’époque. Elle restitue à ces œuvres et à ces grandes figures d’auteurs toute leur modernité. |
| 856 41 - ELECTRONIC LOCATION AND ACCESS | |
| Uniform Resource Identifier | <a href="https://shs.cairn.info/histoire-litteraire-du-xviie-siecle--9782200611965?lang=fr&redirect-ssocas=7080">https://shs.cairn.info/histoire-litteraire-du-xviie-siecle--9782200611965?lang=fr&redirect-ssocas=7080</a> |
Pas d'exemplaire disponible.




Réseaux sociaux